Hållplatser på buss 161 - Statistics

General Stats
  • This quiz has been taken 5 times
  • The average score is 16 of 51
Answer Stats
Hint Answer % Correct
Pendeltåg Älvsjö Station
67%
Kärrtorpsvägen
67%
Åkervägen
33%
Älvsjögården
33%
Årdalahöjden
33%
Aspövägen
33%
T-Bana Aspudden
33%
Bäckahagens Skola
33%
T-Bana Bagarmossen
33%
T-Bana Bandhagen
33%
Djursjukhuset
33%
Gränsberget
33%
Tvärbana gröndal
33%
Helgestavägen
33%
Hökmossens gård
33%
Jädersvägen
33%
Källvägen
33%
Kämpetorpsskolan
33%
Kilaberg
33%
Laxåvägen
33%
Letstigen
33%
Ludgovägen
33%
Majstångsvägen
33%
Murklevägen
33%
Nippervägen
33%
Örbyleden
33%
Örby skola
33%
T-Bana Örnsberg
33%
Plantskolevägen
33%
Postiljonsvägen
33%
Rusthållarvägen
33%
T-Bana Skogskyrkogården
33%
Söråkersvägen
33%
Stadsrådsvägen
33%
Stockholmsvägen
33%
Stora Fågelsången
33%
Svandammsplan
33%
T-Bana Svedmyra
33%
T-Bana Telefonplan
33%
Tellusborgsvägen
33%
Tvärbana Trekanten
33%
Turingevägen
33%
Västbergavägen
33%
Vikstensvägen
33%
Voxnegränd
33%
Byälvsvägen
0%
Erik Segerställs väg
0%
Fågeltorget
0%
Kolbäcksgränd
0%
Styrbjörnsvägen
0%
Svartbäcksvägen
0%
No matching quizzes found
Score Distribution
Percent of People with Each Score
Percentile by Number Answered
Your Score History
You have not taken this quiz